| 000 | 00436nam a22001337a 4500 | ||
|---|---|---|---|
| 999 |
_c525223 _d525223 |
||
| 020 | _a9789359174587 | ||
| 082 | _aA98 M361 | ||
| 100 |
_aMishra Prasanna _943357 |
||
| 245 |
_aDefining moments and reminiscences: an anthology of service experience of public servants in India _cby Prasanna Mishra |
||
| 260 |
_aBhubaneswar _bThe author _c2023 |
||
| 300 | _a320p. | ||
| 650 |
_aBiographies _943358 |
||
| 650 |
_aPublic servants - India _943359 |
||